Capitals- native language - Statistics

General Stats
  • This quiz has been taken 33 times
  • The average score is 28 of 35
Answer Stats
Native name City % Correct
5) Roma Rome
100%
32) Bayrūt Beirut
93%
24) Bruxelles Brussels
93%
1) București Bucharest
93%
29) København Copenhagen
93%
2) Москва Moscow
93%
22) Praha Prague
93%
28) Sofiya Sofia
93%
23) Wein Vienna
93%
21) Warszawa Warsaw
93%
4) Αθήνα Athens
90%
3) Beograd Belgrade
90%
12) Hà Nội Hanoi
90%
20) Prishtinë Pristina
90%
8) Tiranë Tirana
90%
19) zǎːɡreb Zagreb
90%
31) Yerushalayim Jerusalem
87%
26) Мінск Minsk
87%
14) Toshkent Tashkent
87%
15) Tūns Tunis
87%
18) Aşgabat Ashgabat
83%
7) Lëtzebuerg Luxembourg
80%
9) Сарајево Sarajevo
77%
35) Táiběi Taipei
77%
16) Астана Astana
73%
34) Masqaṭ Muscat
73%
25) Al-Jazā'ir Algiers
67%
17) Бишкек Bishkek
67%
27) Al-Manāmah Manama
67%
11) Krung Thep Bangkok
63%
30) Baile Átha Cliath Dublin
63%
10) Подгорица Podgorica
63%
6) Caerdydd Cardiff
60%
13) Naī Dillī New Delhi
50%
33) Nwakšūṭ Nouakchott
43%
No matching quizzes found
Score Distribution
Percent of People with Each Score
Percentile by Number Answered
Your Score History
You have not taken this quiz